[Event "HCL-B3905"]
[Site "www.playchess.de"]
[Date "2006.03.14"]
[Round "3"]
[White "Helpless"]
[Black "chessH"]
[WhiteElo "1500"]
[BlackElo "1285"]
[PlyCount "79"]
[Result "1-0"]

1.d4 e6 2.c4 c5 3.e3 d5 4.Nf3 Nf6 5.Nc3 cxd4 
6.exd4 Nc6 7.c5 {Hello Mr. Mavizi.  I am enjoying 
our match and I wish you a good game.  I live in 
rural New York State.  I also have 2 daughters and 
I have a son.}  Be7 {Hi Ed, thanks for the 
message. I am living in Sweden. I have 2 daughters 
too, but not any son.How old are you? I'm 44.}  
8.Bd3 O-O 9.O-O Bd7 10.a3 {Hi:  I am also 44 years 
old.  Have you lived in Sweden long?  I was in 
Helsinki once, but have not been to Sweden.  I 
like the north country.}  b6 {I came to Sweden 
1989. They have a little different culture if you 
compare with the other countries in europe.}  
11.b4 Re8 12.Re1 {where in sweden are you?}  Bf8 
{A little town, Borås.Near Gutenberg.}  13.Bf4 h6 
14.Nb5 Rc8 15.Bd6 {There is another chess site 
that I play on.  It is called USChess Live.  The 
interface is excellent, and the people are nice.  
It is very user friendly, and there is good 
competition.  Check it out sometime.}  a6 {ok}  
16.Bxf8 Rxf8 {yes I know. I have played there for 
a few years ago. It likes "chess21.com". I'm 
member of "www.redhotpawn.com" and 
"www.letsplaychess.com".My nickname is "chessH" on 
these two sites. I like "redhotpawn".You find 
different people there, most young people}  17.Nd6 
Rb8 18.Bxa6 {i will check out those sites...}  Qc7 
{you play good :)}  19.Bd3 {thank you.  you are 
playing well also.  It helps me to have a lot of 
time to make a decision.     I will check out 
those chess sites you told me about}  bxc5 20.dxc5 
Ne7 21.Qc2 Rba8 22.Ne5 {i registered on red hot 
pawn...if checked out your clan and liked the name 
and idea.  i am not a subscriber at this time.}  
Nc6 {what is your username or nickname on red hot 
pawn? we can play there.}  23.Nexf7 {same 
name...Helpless.  I have 3 games going right now.} 
 Rxf7 24.Nxf7 Kxf7 25.Re3 d4 26.Rg3 e5 27.Be4 Nxe4 
28.Qxe4 Kg8 29.b5 Ne7 30.Qxa8+ Kh7 31.c6 Bf5 
32.Qb7 Qd6 33.h3 d3 34.c7 d2 35.Rd1 Bc8 36.Qe4+ 
Kh8 37.Rd3 Qxc7 38.R3xd2 Bf5 39.Qb4 Bc8 
40.b6 1-0

[Event "HCL-E1580"]
[Site "www.playchess.de"]
[Date "2006.03.14"]
[Round "1"]
[White "caraxo"]
[Black "XANDERKIRV"]
[WhiteElo "2000"]
[BlackElo "1486"]
[PlyCount "55"]
[Result "1-0"]

1.e4 c5 2.Nf3 e6 3.d4 cxd4 4.Nxd4 a6 5.Bd3 b5 
6.O-O Bb7 7.a4 Nc6 8.Nb3 Nb4 9.axb5 Nxd3 10.Qxd3 
axb5 11.Rxa8 Qxa8 12.Re1 Nf6 13.f3 b4 14.Bg5 Be7 
15.e5 Nd5 16.Bxe7 Nxe7 17.N1d2 Nd5 18.Ra1 Qb8 
19.Nc4 O-O 20.Nd6 Bc6 21.Qd4 Qd8 22.Nc5 Qg5 23.h4 
Qh5 24.Ra7 Ra8 25.Rxa8+ Bxa8 26.Nxd7 Qg6 27.Qa7 h5 
28.Qxa8+ 1-0

[Event "HCL-A2586"]
[Site "www.playchess.de"]
[Date "2006.03.14"]
[Round "8"]
[White "Felipe_Lungov"]
[Black "MimiSiku"]
[WhiteElo "1274"]
[BlackElo "1457"]
[PlyCount "92"]
[Result "0-1"]

1.d4 c6 2.c4 d5 3.Nf3 Bf5 4.e3 Nf6 5.c5 e6 6.Be2 
Be7 7.O-O O-O 8.b4 b5 9.Nbd2 Ne4 10.a4 Nd7 11.axb5 
Nc3 12.Qb3 Nxe2+ 13.Kh1 Nxc1 14.Rfxc1 cxb5 15.Ra5 
a6 16.Rca1 Nb8 17.Ne5 Bf6 18.Ndf3 Be4 19.Qc3 Bxf3 
20.Nxf3 Qc8 21.h4 Nc6 22.R5a2 Ra7 23.g4 Qb7 24.g5 
Bd8 25.Rg1 a5 26.bxa5 Bxa5 27.Qd3 Nb4 28.Qa3 Nxa2 
29.Qxa2 Qd7 30.Ne5 Qc7 31.Rb1 Bc3 32.Qc2 b4 33.Nd3 
Ra1 34.Rxa1 Bxa1 35.Nxb4 Qa5 36.Nd3 Ra8 37.Kg2 Qc3 
38.Qxc3 Bxc3 39.Kf3 f6 40.Kf4 Kf7 41.f3 g6 42.Kg4 
Ra1 43.c6 Ba5 44.Nc5 f5+ 45.Kf4 Rg1 46.Ke5 Bc7+ 
{What the hell was that???}  0-1

[Event "HCL-M835"]
[Site "www.playchess.de"]
[Date "2006.03.14"]
[Round "23"]
[White "Faroe_Bamsa"]
[Black "jonaslo"]
[WhiteElo "2253"]
[BlackElo "1764"]
[PlyCount "87"]
[Result "1-0"]

1.e4 {Hi nice to meet you :o) I hope we will have 
a good and fair game. Good luck - May the best 
player win c",)}  c5 {Greetings from Rome, I look 
forward to our game!}  2.f4 g6 3.Nf3 Bg7 4.c3 Nc6 
5.Bc4 e6 6.d3 Nge7 7.O-O d5 8.Bb3 O-O 9.Qe2 d4 
10.c4 Qc7 11.Na3 a6 12.Bd2 e5 13.fxe5 Nxe5 14.Bf4 
Bg4 15.Qd2 Bxf3 16.gxf3 Qd7 17.Bg3 Qh3 18.f4 Ng4 
19.Nc2 h5 20.Qg2 Qxg2+ 21.Kxg2 a5 22.Ba4 Rfd8 
23.Rae1 Nc6 24.Bxc6 bxc6 25.h3 Nh6 26.b3 Ra7 
27.Kf3 Rb7 28.Bh4 f6 29.Rfg1 Kh7 30.Rg2 Ng8 
31.Reg1 Ne7 32.f5 g5 33.Bxg5 {Ok, here I go... 
It's all or nothing now :o)}  fxg5 {I suspected 
you would...}  34.R2xg5 {Would you have done it?}  
Ng8 {sure, your looking good}  35.Rxh5+ {Maybe you 
shouldn't have given me control of g6}  Bh6 
{That's right, I saw the weakness the moment after 
I made the move.}  36.Rg6 {now we'll just have to 
see if I can get anything out of it :o)}  Rc8 {hi 
again, sorry for the delay. my only hope is that 
your knight is a bit offside.}  37.Ne1 {Yea, he is 
a bit "offsite" as you say, so I guess I'll have 
to do something about it.}  a4 {Let's see if I can 
use that time...}  38.bxa4 {Yea, this will be 
interesting :)}  Ra7 39.Ng2 Rxa4 40.Nf4 {Now my 
night isn't so "offsite" any more :o)}  Rxa2 {Yes, 
it's looking very dangerous...}  41.Ne6 {Indeed! 
:o)}  Ra3 42.Ng5+ {Sorry, but I beleive that was 
your final mistake in this game, no I have a 
forced mate in some few moves. You should have 
moved something like Ra7 to cover f7.Thanks, 
however, for a very good and interesting game - 
hope to see you sone. Good luck :o)}  Kh8 {Not 
that I don't beleive you, but I don't see the 
mate. Anyway, it has been pretty hopeless since 
you broke through on g6. But thanx for a fun 
game.}  43.Nf7+ {You will see the mate soon enough 
:o) Funny though, that my "offsite" night should 
be the one deciding the game. However, it has been 
great playing against you.}  Kh7 44.Nxh6 {You see 
the mate now?}  1-0

[Event "HCL-C4221"]
[Site "www.playchess.de"]
[Date "2006.03.14"]
[Round "5"]
[White "Azimut"]
[Black "nichju"]
[WhiteElo "1415"]
[BlackElo "977"]
[PlyCount "83"]
[Result "1-0"]

1.g3 {mein Freund, ich wünsche Ihnen gutes Glück 
in diesem neuen Spiel. 
Michel
}  e5 {Hallo, vielleicht schaffe ich es diesmal 
;-)}  2.d3 {Oh ja! Ich werde gut durch das Spiel 
zu verlieren beenden... :-)}  Nf6 3.b3 Nc6 4.e3 
Bb4+ 5.Nd2 O-O 6.Bg2 d5 7.Bb2 Bg4 8.Ne2 Re8 9.a3 
Bd6 10.h3 Be6 11.O-O Qd7 12.g4 {Congratulation for 
your win against gronico !}  h5 {Thanks. Sometimes 
(but only sometimes) I have an inspiration ;-)}  
13.f3 {It's very pleasant to win after having a 
good inspiration. Yes, it's that real chess... 
;-)}  g6 14.Ng3 e4 15.Ngxe4 Nxe4 16.fxe4 d4 
17.exd4 Ne7 18.e5 Bxe5 19.dxe5 hxg4 20.Ne4 Nd5 
21.Nf6+ Nxf6 22.Rxf6 gxh3 23.Bxb7 Rad8 24.Be4 Qb5 
25.Qf3 Qc5+ 26.Qf2 Qxf2+ 27.Rxf2 f5 28.exf6 Kf7 
29.Bc3 Reh8 30.Be5 Rh6 31.Bxc7 Rdh8 32.Kh2 g5 
33.Bg3 Rc8 34.c4 Rd8 35.Be5 Rd4 36.Bxd4 g4 {I'am 
so stupid!!!!!}  37.Rg1 Rg6 38.Bxg6+ {Ah, no 
problem, main thing is we take pleasure to play 
chess. ;-)}  Kxg6 {Yes :-(}  39.f7 Bxf7 40.Rxg4+ 
Kh5 41.Rg7 Be6 42.Rf8 1-0

[Event "HCL-C3912"]
[Site "www.playchess.de"]
[Date "2006.03.14"]
[Round "9"]
[White "Bense"]
[Black "Halcon"]
[WhiteElo "1021"]
[BlackElo "1040"]
[PlyCount "119"]
[Result "1-0"]

1.e4 e5 2.d3 Nf6 3.Nf3 Nc6 4.Nc3 Bb4 5.a3 Bxc3+ 
6.bxc3 d5 7.a4 dxe4 8.dxe4 Nxe4 9.Qxd8+ Nxd8 
10.Nxe5 Nxc3 11.Bc4 Be6 12.Ra3 Ne4 13.Bxe6 Nxe6 
14.Bb2 f6 15.Nc4 O-O-O 16.Re3 N6c5 17.f3 Nd6 
18.Nxd6+ Rxd6 19.Kf2 Nxa4 20.Ba3 Rd7 21.Rhe1 c5 
22.g4 h5 23.R3e8+ Rxe8 24.Rxe8+ Kc7 25.gxh5 Rd2+ 
26.Kg3 Rxc2 27.Re7+ Kd6 28.Rxb7 Rc3 29.Bb2 Nxb2 
30.Rxg7 a5 31.h6 Re3 32.h7 Re8 33.Rg8 Rxg8+ 
34.hxg8Q c4 35.Qf8+ Kd5 36.Qa8+ Kd4 37.Qxa5 c3 
38.Qb4+ Kd3 39.Qe4+ Kd2 40.Qd5+ Kc2 41.Qe4+ Nd3 
42.Qe2+ Kb3 43.Qxd3 Kb2 44.h4 c2 45.Qxc2+ Kxc2 
46.h5 Kd3 47.h6 Kd4 48.h7 Ke5 49.h8Q Ke6 50.Qh6 
Kf7 51.Kg4 Ke6 52.f4 Ke7 53.Kf5 Kd6 54.Qxf6+ Kd5 
55.Qe5+ Kc4 56.Ke6 Kd3 57.f5 Kc4 58.f6 Kd3 59.f7 
Kc4 60.f8Q 1-0

[Event "HCL-B3907"]
[Site "www.playchess.de"]
[Date "2006.03.14"]
[Round "9"]
[White "nico21"]
[Black "garden"]
[WhiteElo "1542"]
[BlackElo "1119"]
[PlyCount "49"]
[Result "1-0"]

1.e4 e5 2.Nf3 d6 3.Nc3 Bg4 4.h3 Bxf3 5.Qxf3 Qf6 
6.Qxf6 Nxf6 7.Bb5+ c6 8.Bc4 b5 9.Bb3 c5 10.Nd5 
Nxd5 11.Bxd5 Nc6 12.Bxc6+ Ke7 13.Bxa8 Ke6 14.Bd5+ 
Kf6 15.d3 a6 16.O-O g6 17.a4 Be7 18.axb5 axb5 
19.Ra7 Rc8 20.Bg5+ Kxg5 21.Rxe7 Kf6 22.Rxf7+ Kg5 
23.Rxh7 b4 24.h4+ Kf6 25.Rf7+ 1-0

[Event "HCL-E1587"]
[Site "www.playchess.de"]
[Date "2006.03.14"]
[Round "5"]
[White "Pijean"]
[Black "Mr_Bill"]
[WhiteElo "1704"]
[BlackElo "1646"]
[PlyCount "42"]
[Result "0-1"]

1.d4 d6 2.c4 e5 3.d5 f5 4.Nc3 Nf6 5.e3 Be7 6.Be2 
O-O 7.Qc2 c6 8.Bd2 Qe8 9.f3 Qg6 10.g3 Na6 11.a3 
Nc7 12.O-O-O cxd5 13.cxd5 Nfxd5 14.g4 Bd7 15.e4 
Nxc3 16.Bxc3 fxe4 17.Bxe5 Rac8 18.Bc3 Bc6 19.h4 
Qh6+ 20.Kb1 exf3 21.Bd3 f2 0-1

[Event "HCL-C4213"]
[Site "www.playchess.de"]
[Date "2006.03.14"]
[Round "15"]
[White "O_Man"]
[Black "chimiel"]
[WhiteElo "1123"]
[BlackElo "1149"]
[PlyCount "36"]
[Result "0-1"]

1.e4 d6 2.Nf3 Nf6 3.Bc4 Nbd7 4.c3 Nc5 5.d3 e5 
6.Bg5 Be7 7.d4 Ncxe4 8.Bxf6 Bxf6 9.dxe5 Bxe5 
10.Nxe5 dxe5 11.Bxf7+ Kxf7 12.Qh5+ g6 13.Qf3+ Bf5 
14.O-O Re8 15.Rd1 Qe7 16.g4 Ng5 17.Qd5+ Be6 
18.Qxe5 Nf3+ 0-1

[Event "HCL-C4213"]
[Site "www.playchess.de"]
[Date "2006.03.14"]
[Round "12"]
[White "chimiel"]
[Black "nichju"]
[WhiteElo "1149"]
[BlackElo "982"]
[PlyCount "73"]
[Result "1-0"]

1.e4 e5 2.Nc3 Nf6 3.Bc4 Bc5 4.Nf3 Ng4 5.d4 exd4 
6.Nxd4 d6 7.O-O O-O 8.h3 Bxd4 9.Qxd4 Nc6 10.Qd1 
Nge5 11.Qe2 Nd4 12.Qd1 Be6 13.Qxd4 Bxc4 14.Re1 c5 
15.Qe3 f5 16.b3 Ba6 17.exf5 Rxf5 18.Nd5 b6 19.Qe4 
Rh5 20.Bb2 Qh4 21.Nc7 Rf8 22.Qxh4 Rxh4 23.Nxa6 Ng6 
24.Rad1 Nf4 25.Re4 g5 26.Bc1 Ne2+ 27.Rxe2 g4 
28.Re4 d5 29.Rxg4+ Rxg4 30.hxg4 d4 31.Nc7 a5 
32.Re1 Rf7 33.Re8+ Kg7 34.Ne6+ Kf6 35.Bg5+ Kg6 
36.Rg8+ Rg7 37.Rxg7+ 1-0

[Event "HCL-E1571"]
[Site "www.playchess.de"]
[Date "2006.03.14"]
[Round "22"]
[White "mrchess"]
[Black "Vinci"]
[WhiteElo "1502"]
[BlackElo "1604"]
[PlyCount "62"]
[Result "0-1"]

1.d4 {good game}  Nf6 {hi again and nice game too, 
thanks.}  2.Bg5 e6 3.e4 Be7 4.Nd2 d5 5.e5 Nfd7 
6.Bxe7 Qxe7 7.Qg4 O-O 8.Ngf3 c5 9.c3 cxd4 10.cxd4 
Nc6 11.Bb5 a6 12.Bxc6 bxc6 13.Rc1 c5 14.O-O Bb7 
15.dxc5 Nxc5 16.Qb4 Rfc8 17.Rc3 Rc7 18.Rfc1 Rac8 
19.Qa3 d4 20.Nxd4 Bxg2 21.Kxg2 Qg5+ 22.Kh1 Nd3 
23.Ne4 Qxe5 24.Kg1 Nxc1 25.Rxc7 Rxc7 26.Qe3 Rc4 
{your move king g1 was false, you were winning 
with Rxc7 and on my giving chess saying f6! it was 
a very good game of you, my groundline was too 
weak.}  27.Nf3 Qxe4 28.Qd2 Nd3 29.h3 Qxf3 30.Qa5 
Rc1+ 31.Kh2 Rh1+ 0-1

[Event "HCL-A2640"]
[Site "www.playchess.de"]
[Date "2006.03.14"]
[Round "12"]
[White "dynamike"]
[Black "cliffoliveira"]
[WhiteElo "1374"]
[BlackElo "1435"]
[PlyCount "63"]
[Result "1-0"]

1.e4 c5 2.Nf3 d6 3.d4 cxd4 4.Nxd4 Nf6 5.Nc3 a6 
6.Be2 Nc6 7.Be3 e6 8.O-O Be7 9.a4 O-O 10.f4 Bd7 
11.Bf3 d5 12.e5 Nxd4 13.Qxd4 Rc8 14.exf6 Bxf6 
15.Qd2 Bxc3 16.bxc3 Qc7 17.Bd4 b5 18.a5 b4 19.Be5 
bxc3 20.Qd4 Qc5 21.Qxc5 Rxc5 22.Bd6 Rfc8 23.Bxc5 
Rxc5 24.Rfe1 Kf8 25.Re3 Bb5 26.Ra3 d4 27.Re4 Ke7 
28.Rxd4 f6 29.Re4 Bc6 30.Re3 Bxf3 31.Rxf3 h6 
32.Rfxc3 1-0

[Event "HCL-M866"]
[Site "www.playchess.de"]
[Date "2006.03.14"]
[Round "5"]
[White "Joachim"]
[Black "BigL"]
[WhiteElo "1821"]
[BlackElo "2235"]
[PlyCount "76"]
[Result "0-1"]

1.d4 {Hallo aus Bremen !}  Nf6 2.c4 {viel Spaß und 
eine interessante Partie!}  g6 {Wünsch ich Dir 
auch !}  3.Nc3 Bg7 4.e4 d6 5.Nf3 O-O 6.Be2 e5 
7.O-O Nc6 8.d5 Ne7 9.Ne1 Nd7 10.Be3 {Schöne 
Weihnachten Dir und Deiner Familie !}  f5 {Vielen 
Dank ! Wünsche ich auch gehabt zu haben !}  11.f3 
f4 12.Bf2 g5 13.a4 Ng6 14.a5 h5 15.Nb5 Nf6 16.Nxa7 
Bd7 17.c5 g4 18.c6 g3 19.hxg3 fxg3 20.Bxg3 Rxa7 
21.cxd7 Qxd7 22.Nc2 Raa8 23.Ne3 h4 24.Bf2 Nh5 
25.Nf5 Qd8 26.Qe1 Qg5 27.Bxh4 Nxh4 28.Nxh4 Ng3 
29.Nf5 Rxf5 30.exf5 Qe3+ 31.Kh2 Nxe2 32.g4 Qh6+ 
33.Kg2 Nf4+ 34.Kg3 Qh3+ 35.Kf2 Qg2+ 36.Ke3 Nxd5+ 
37.Ke4 Qc2+ 38.Kxd5 Qc6+ 0-1

[Event "HCL-M884"]
[Site "www.playchess.de"]
[Date "2006.03.14"]
[Round "7"]
[White "ipakris"]
[Black "Blitzmich"]
[WhiteElo "2267"]
[BlackElo "2131"]
[PlyCount "77"]
[Result "1/2-1/2"]

1.e4 e5 2.Nf3 {Hello, happy chessyear and good 
luck !}  Nf6 3.Nxe5 d6 4.Nf3 Nxe4 5.d4 d5 6.Bd3 
Be7 7.O-O Nc6 8.Re1 Bg4 9.c3 O-O 10.Bxe4 dxe4 
11.Rxe4 Qd7 12.Bf4 Rfe8 13.Nbd2 Bf8 14.Re3 Rad8 
15.Qe2 Rxe3 16.fxe3 Ne7 17.e4 Ng6 18.Bg3 c5 19.h3 
Bh5 20.Qe3 Re8 21.Rf1 a5 22.Nc4 Bxf3 23.Rxf3 Qa4 
24.Na3 cxd4 25.cxd4 Qc6 26.e5 Qd5 27.Qc3 Qxa2 
28.Qxa5 Qxb2 29.Qd5 Re6 30.Nb5 Qc1+ 31.Kh2 Qc6 
32.Nc3 h5 33.Bf2 Bb4 34.Qb3 Bxc3 35.Rxc3 Qe4 
36.Rf3 h4 37.Qb5 Re7 38.Qc4 Qc6 39.Qxc6 {(offering 
draw)}  1/2-1/2

[Event "HCL-E1590"]
[Site "www.playchess.de"]
[Date "2006.03.14"]
[Round "7"]
[White "yannick"]
[Black "maus"]
[WhiteElo "1632"]
[BlackElo "1421"]
[PlyCount "89"]
[Result "1-0"]

1.e4 {hi,enjoy this game}  e5 2.Nf3 d6 3.Bc4 Nc6 
4.O-O Bg4 5.Nc3 Nf6 6.h3 Bh5 7.Bb5 a6 8.Bxc6+ bxc6 
9.d3 h6 10.Be3 Be7 11.Kh1 d5 12.exd5 cxd5 13.g4 
Bg6 14.Nxe5 d4 15.Nc6 Qd6 16.Nxd4 O-O 17.Qf3 c5 
18.Nc6 Rac8 19.Nxe7+ Qxe7 20.Rfe1 Qd7 21.Bxh6 Nxg4 
22.Qxg4 Qxg4 23.hxg4 gxh6 24.f4 f5 25.Nd5 Kg7 
26.Ne7 Rcb8 27.gxf5 Bxf5 28.Reg1+ Kf6 29.Rae1 Rbd8 
30.Re5 Bh7 31.Nd5+ Rxd5 32.Rxd5 Ke6 33.Rxc5 Rxf4 
34.Rc6+ Kd5 35.Rxh6 Bf5 36.Rxa6 Rf2 37.c4+ Kd4 
38.Rd6+ Kc5 39.Rd5+ Kc6 40.b4 Rf3 41.Kg2 Rf4 
42.b5+ Kb6 43.Rb1 Bxd3 44.c5+ Ka5 
45.Rxd3 1-0

[Event "HCL-C4204"]
[Site "www.playchess.de"]
[Date "2006.03.14"]
[Round "10"]
[White "cla114"]
[Black "nichju"]
[WhiteElo "856"]
[BlackElo "944"]
[PlyCount "70"]
[Result "0-1"]

1.e4 e5 2.Nf3 d6 3.Nc3 Bg4 4.Be2 Nf6 5.O-O Be7 
6.d4 exd4 7.Nxd4 Qd7 8.Nd5 Bxe2 9.Qxe2 Nxd5 
10.exd5 O-O 11.Qf3 c6 12.Qg3 c5 13.Nf3 Qf5 14.Ng5 
Bxg5 15.Bxg5 f6 16.Bh6 Rf7 17.Bf4 Qxd5 18.b3 Nc6 
19.c4 Qd4 20.Rad1 Qb2 21.Rd2 Qa3 22.Bxd6 Rd8 
23.Re2 Nd4 24.Rd2 Qb4 25.Rd3 Ne2+ 26.Kh1 Nxg3+ 
27.Rxg3 Rxd6 28.Re3 Rf8 29.Rfe1 Rdd8 30.R3e7 Qd2 
31.R1e2 Qc1+ 32.R2e1 Rd1 33.g3 Rxe1+ 34.Rxe1 Qxe1+ 
35.Kg2 Qb1 0-1

[Event "HCL-M893"]
[Site "www.playchess.de"]
[Date "2006.03.14"]
[Round "2"]
[White "Henk"]
[Black "temple"]
[WhiteElo "1799"]
[BlackElo "1731"]
[PlyCount "74"]
[Result "0-1"]

1.e4 e5 {Hello,gg.}  2.Nf3 {Succes!?}  Nf6 3.Nxe5 
Qe7 4.Nf3 Qxe4+ 5.Be2 Be7 6.Nc3 Qb4 7.O-O O-O 8.d4 
d5 9.a3 Qd6 10.Nb5 Qd8 11.Bf4 Na6 12.Nc3 c6 13.b4 
Nc7 14.Ne5 Ne6 15.Be3 Qc7 16.f4 Re8 17.f5 Nf8 
18.Bg5 h6 19.Bh5 Nxh5 20.Qxh5 Bxg5 21.Rae1 b6 
22.f6 Rxe5 23.dxe5 g6 24.Qf3 Qd7 25.h3 Bd2 26.Red1 
Bxc3 27.Qxc3 Ne6 28.Qd2 Kh7 29.h4 Ba6 30.Rf3 d4 
31.Kf2 c5 32.c3 d3 33.Qb2 c4 34.Ke3 Bb7 35.Rf2 Qd5 
36.Kd2 Qxe5 37.Kc1 Nf4 0-1

[Event "HCL-B3925"]
[Site "www.playchess.de"]
[Date "2006.03.14"]
[Round "4"]
[White "emmanuel69"]
[Black "kolmar"]
[WhiteElo "1200"]
[BlackElo "1086"]
[PlyCount "83"]
[Result "1-0"]

1.c4 Nf6 2.d4 d6 3.Nc3 g6 4.e4 c5 5.d5 Bg7 6.Nf3 
Nbd7 7.Bd3 b6 8.O-O Ne5 9.Nxe5 dxe5 10.Bg5 h6 
11.Bxf6 Bxf6 12.Re1 e6 13.Qf3 Qe7 14.Nb5 Bg7 15.d6 
Qd7 16.Nc7+ Kd8 17.Nxa8 Qxd6 18.Red1 Ke7 19.Rd2 
Bb7 20.Nxb6 axb6 21.Rad1 Bc6 22.Bc2 Qc7 23.Qd3 h5 
24.Qd6+ Qxd6 25.R2xd6 Rc8 26.a3 Bf8 27.R6d2 f6 
28.b3 Bh6 29.Re2 Ra8 30.a4 Ra7 31.Ree1 Rc7 32.Rda1 
Ra7 33.Ra2 Bd2 34.Rd1 Bc3 35.f3 Ba5 36.Raa1 Bc3 
37.Rab1 Bb4 38.Rd3 Ke8 39.Rbd1 Ba3 40.R3d6 Rc7 
41.Rxe6+ Kf7 {looks like it's coming :)}  
42.Rdd6 1-0

[Event "HCL-A2612"]
[Site "www.playchess.de"]
[Date "2006.03.14"]
[Round "20"]
[White "mrchess"]
[Black "XANDERKIRV"]
[WhiteElo "1471"]
[BlackElo "1489"]
[PlyCount "115"]
[Result "1/2-1/2"]

1.d4 {good luck}  d5 {gl.}  2.e3 a6 3.c3 Nf6 4.Bd3 
e6 5.Nd2 Be7 6.f4 c5 7.Ngf3 Nc6 8.Ne5 Nxe5 9.fxe5 
Nd7 10.O-O c4 11.Bc2 O-O 12.Qh5 g6 13.Qh3 f5 
14.Nf3 Rf7 15.Rf2 b5 16.Bd2 a5 17.Raf1 b4 18.Ne1 
Ba6 19.g4 b3 20.Bb1 Rb8 21.gxf5 gxf5 22.Rg2+ Kh8 
23.Rg3 Qf8 24.Nf3 bxa2 25.Bxa2 Rxb2 26.Bb1 a4 
27.Ng5 Bxg5 28.Rxg5 Rxd2 29.Bxf5 a3 30.Bxe6 Rxf1+ 
31.Qxf1 Qxf1+ 32.Kxf1 h6 33.Rg8+ Kh7 34.Ra8 a2 
35.Rxa6 Nxe5 36.dxe5 Rb2 37.Bf5+ Kg7 38.e6 Rb1+ 
39.Ke2 a1Q 40.Rxa1 Rxa1 41.e7 Kf7 42.Be6+ Kxe7 
43.Bxd5 Ra2+ 44.Kf3 Rxh2 45.Bxc4 {(offering draw)} 
 Rc2 46.Be2 Rxc3 47.Kf4 Kf6 48.e4 Rc5 49.Bf3 Rg5 
50.Bg4 h5 51.Bf5 Rg1 52.e5+ Ke7 53.Bc8 h4 54.Bg4 
Rh1 55.Kg5 h3 56.Kh4 h2 57.Kh3 Re1 58.Kxh2 
{(offering draw)}  1/2-1/2

[Event "HCL-A2645"]
[Site "www.playchess.de"]
[Date "2006.03.14"]
[Round "12"]
[White "baggur"]
[Black "BohdanL"]
[WhiteElo "1560"]
[BlackElo "1502"]
[PlyCount "47"]
[Result "1-0"]

1.e4 {hello again}  g6 {hi, and good game}  2.d4 
Bg7 3.c4 d6 4.Nc3 Nc6 5.Be3 e5 6.d5 Nce7 7.Bd3 f5 
8.Nge2 fxe4 9.Nxe4 Nh6 10.Qd2 Nhf5 11.Bg5 h6 
12.Bf6 a6 13.Bxg7 Nxg7 14.Nf6+ Kf7 15.Ne4 Ngf5 
16.O-O-O c6 17.g4 cxd5 18.gxf5 dxe4 19.fxg6+ Nxg6 
20.Bxe4 Be6 21.Rhg1 Nf4 22.Nxf4 exf4 23.Qxf4+ Ke7 
24.Rg7+ 1-0

[Event "HCL-A2554"]
[Site "www.playchess.de"]
[Date "2006.03.14"]
[Round "34"]
[White "Eli"]
[Black "Sobral"]
[WhiteElo "1604"]
[BlackElo "1701"]
[PlyCount "70"]
[Result "0-1"]

1.d4 {Good game to you}  d5 {Good game to you, 
too.}  2.Nf3 Nf6 3.Bf4 c6 4.e3 Bg4 5.Nbd2 Nbd7 
6.Bd3 Nh5 7.Bg3 Nxg3 8.hxg3 e5 9.Be2 e4 10.Ng1 
Bxe2 11.Nxe2 Qb6 12.Nb3 g6 13.Nf4 Bg7 14.Qg4 Nf6 
15.Qh3 Qc7 16.O-O-O Qd7 17.Nc5 Qxh3 18.gxh3 b6 
19.Na6 O-O 20.h4 Ng4 21.Rdf1 Rac8 22.Nb4 a5 
23.Nfxd5 cxd5 24.Nxd5 Rcb8 25.h5 Rfe8 26.hxg6 fxg6 
27.Rh4 Nf6 28.Nc3 b5 29.Rfh1 h5 30.Ne2 Ng4 31.Rf1 
b4 32.Ng1 Ref8 33.Rxg4 hxg4 34.Ne2 g5 35.b3 
Rb7 0-1

[Event "HCL-M893"]
[Site "www.playchess.de"]
[Date "2006.03.14"]
[Round "5"]
[White "sheep"]
[Black "BanzayFish"]
[WhiteElo "1778"]
[BlackElo "1889"]
[PlyCount "52"]
[Result "0-1"]

1.e4 {Have a nice game!}  c5 {hi, a good game and 
fun!}  2.Nf3 d6 3.d4 cxd4 4.Nxd4 Nf6 5.Nc3 Nc6 
6.Be2 e5 7.Nb3 Be7 8.O-O O-O 9.Be3 Be6 10.f3 a5 
11.Nd5 a4 12.Nc1 Nd7 13.c4 Bg5 14.Bxg5 Qxg5 15.Nc7 
Rad8 16.Nxe6 fxe6 17.Nd3 Qe3+ 18.Nf2 Nc5 19.Bd3 
Nb4 20.Bc2 a3 21.b3 Qc3 22.Rc1 Nxa2 23.Nd3 Qd4+ 
24.Kh1 Nxc1 25.Nxc1 Qb2 26.b4 Qxb4 0-1

[Event "HCL-B3881"]
[Site "www.playchess.de"]
[Date "2006.03.14"]
[Round "13"]
[White "RUDI"]
[Black "Mosselman"]
[WhiteElo "1234"]
[BlackElo "1345"]
[PlyCount "94"]
[Result "0-1"]

1.c4 {Hello from Munich}  e5 {hello, good luck and 
enjoy the game!}  2.Nc3 Nf6 3.e4 Nc6 4.Nf3 Bc5 
5.Be2 O-O 6.O-O d6 7.d3 Bg4 8.a3 Nd4 9.Nxd4 exd4 
10.Nd5 Bxe2 11.Qxe2 Nxd5 12.cxd5 c6 13.dxc6 bxc6 
14.f4 d5 15.b4 Bb6 16.e5 Qe7 17.Bb2 Qe6 18.Qf2 Qf5 
19.Rad1 c5 20.bxc5 Bxc5 21.a4 Rfb8 22.Bc1 Rb3 
23.Qe2 Rab8 24.Rd2 Qd7 25.Ra2 Bb4 26.Qc2 Bc3 
27.Bd2 Qc6 28.h3 R3b2 29.Rxb2 Rxb2 30.Qd1 Rxd2 
31.Qb1 Qb6 32.Qxb6 axb6 33.Rb1 Rb2 34.Rc1 Kf8 
35.f5 Ke7 36.g4 Rb4 37.Rf1 Rxa4 38.g5 b5 39.h4 Ra6 
40.h5 h6 41.f6+ Kf8 42.fxg7+ Kxg7 43.gxh6+ Rxh6 
44.Rf5 b4 45.Rg5+ Kf8 46.Rf5 b3 47.Rf1 
b2 0-1

[Event "HCL-M866"]
[Site "www.playchess.de"]
[Date "2006.03.14"]
[Round "8"]
[White "BigL"]
[Black "pcmvr"]
[WhiteElo "2235"]
[BlackElo "2176"]
[PlyCount "53"]
[Result "1-0"]

1.e4 {Hello ! Good game !}  e6 {A nice game}  2.d4 
d5 3.e5 c5 4.c3 Nc6 5.Nf3 Bd7 6.Be2 Nge7 7.O-O Ng6 
8.g3 Be7 9.h4 h5 10.a3 Qb6 11.b4 cxd4 12.cxd4 O-O 
13.Bb2 Rac8 14.Nbd2 Be8 15.Rc1 Bd7 16.Nb3 Nb8 
17.Nfd2 Rxc1 18.Bxc1 Ba4 19.Bxh5 Nh8 20.Qc2 Nc6 
21.Qc3 Bb5 22.Re1 Rc8 23.Nf3 Bc4 24.Nbd2 Bb5 
25.Bb2 Qd8 26.Rc1 a6 27.Nb3 1-0

[Event "HCL-M866"]
[Site "www.playchess.de"]
[Date "2006.03.14"]
[Round "7"]
[White "pcmvr"]
[Black "martijn"]
[WhiteElo "2176"]
[BlackElo "1771"]
[PlyCount "48"]
[Result "0-1"]

1.b4 {Succes}  c6 {dank je, hetzelfde}  2.Bb2 a5 
3.a3 axb4 4.axb4 Rxa1 5.Bxa1 Qb6 6.c3 d5 7.Nf3 Nf6 
8.d3 Bg4 9.Nbd2 e6 10.Qa4 Bd6 11.Qa5 Qxa5 12.bxa5 
Na6 13.h3 Bh5 14.g4 Bg6 15.Bg2 O-O 16.O-O Nc5 
17.c4 Ra8 {(offering draw)}  18.Bd4 {Kijk het nog 
evenaan}  Ncd7 {Is goed, wie weet wordt het nog 
boeiend.}  19.g5 Nh5 20.Rb1 Rxa5 21.Rxb7 Nf8 22.c5 
Bf4 23.e3 Bxd3 24.exf4 Nxf4 0-1